01069cam a22003494i 4500003000900000005001700009008004100026035001800067040003300085082001700118100002900135245003400164264005200198300002800250336002100278337002500299338002300324504002800347505023300375526001000608526001000618526001000628526001000638526000800648526000800656526000800664526000800672526000800680526000800688526000800696650001500704PE-LiUPU20250731173505.0150616s r 000 0 d a(Sirsi) a7037 aPE-LiUPUbspacPE-LiUPUerda04a254bD192211 aDale, Robert D.,eautor.10aGood News from Great Leaders. 1aNew York :bAlban Institute Publication,c1992. a159 páginas ;c23 cm. atext2rdacontent aunmediated2rdamedia avolume2rdacarrier aIncluye bibliografía.0 aWhat makes leaders great? -Styles, stance, and strategy: how do great leaders operate? -- Tensions: How do great leaders act amid conflict? -- Influence: Can great leadership heppen from behind the scenes? leaders great leaders. aSEG42 aSEG41 aSEG40 aSEG39 aP94 aP87 aP86 aP85 aP77 aP76 aP3504aLIDERAZGO.